| 000 | 00000nam##2200000za#4500 |
| 001 | 9.681095 |
| 003 | CaOODSP |
| 005 | 20200330065827 |
| 007 | ta |
| 008 | 150407|2000||||xxc||||| f|0| 0 fre|d |
| 020 | |a0-662-84609-5 |
| 040 | |aCaOODSP|bfre |
| 043 | |an-cn--- |
| 086 | 1 |aH49-135/2000F |
| 110 | 1 |aCanada.|bSanté Canada. |bDirection générale de la protection de la santé. |
| 245 | 10|aLes indicateurs de la santé périnatale au Canada : |bmanuel de référence |
| 260 | |aOttawa - Ontario : |bSanté Canada. |c2000. |
| 300 | |aix, 91p. : |bfigures, références, tableaux ; |c28 cm. |
| 504 | |aBibliographie. |
| 563 | |aReliure à spirale |
| 590 | |a01-24|b2001-06-15 |
| 691 | 07|aSoins périnataux|2gcpds |
| 691 | 07|aSoin du nouveau-né|2gcpds |
| 691 | 07|aRégime de soins de santé|2gcpds |
| 691 | 07|aIndicateurs de l'état de santé|2gcpds |
| 775 | 08|tPerinatal health indicators for Canada : |w(CaOODSP)9.647704 |
| 776 | 0#|tLes indicateurs de la santé périnatale au Canada |w(CaOODSP)9.639557 |